000 00314nam a2200109Ia 4500
008 220204s9999 xx 000 0 und d
082 _a678.065:061.31975
_bPRO
245 0 _aProceedings of the workshop on tyre rubber, 1975, Kuala Lumpur
260 _aKuala Lumpur
_bRRIM
_c1976
650 _aTyre rubber
942 _cBK
999 _c34289
_d34289